000 00618cam a22002413a 4500
001 24225
003 PGUSA
005 20140828083522.0
008 080110s2008||||xxu|||||s|||||000 | eng d
040 _aPGUSA
_beng
042 _adc
050 4 _aPL
100 1 _aAiyuezhuren
245 1 0 _a戲中戲
_h[electronic resource] /
_cAiyuezhuren
260 _bProject Gutenberg,
_c2008
506 _aPublic domain in the USA.
516 _aElectronic text
740 0 _aShi Jung Shi
740 0 _aXi zhong xi
830 0 _aProject Gutenberg
_v24225
856 4 0 _uhttp://www.gutenberg.org/ebooks/24225
942 _cEB
999 _c253480
_d253480